03126nam a2200361 i 4500001001100000006001900011007001500030008004100045020002500086020002600111020002600137020002500163020002500188020002500213040002100238100002800259245011000287264002600397300006100423500007600484500004400560505027000604506004800874520126600922538003602188540016502224650003802389710003802427856005602465856011402521999001702635952011202652xb27065030m d cr n 190801t20192019enka s 000 0 eng d a9781783740246q(pdf) a9781783740253q(epub) a9781783740260q(mobi) a9781783747788q(XML) z9781783740222 (pbk.) z9781783740239 (hbk.) aStSaULbengerda1 aRingmar, Erik,eauthor.10aHistory of international relationsh[electronic resource] :ba non-European perspective /cErik Ringmar. 1bOpen Book Publishers, a1 online resource (218 pages) :b9 colour illustrations. aAdditional material and updates available from the publisher's website. aAvailable through Open Book Publishers.0 aThe Author -- Acknowledgments -- This book -- 1. Introduction -- 2. China and East Asia -- 3. India and Indianization -- 4. The Muslim Caliphates -- 5. The Mongol Khanates -- 6. Africa -- 7. The Americas -- 8. European Expansion -- Afterthoughts: Walls and Bridges. aOpen access resource providing free access. a"Existing textbooks on international relations treat history in a cursory fashion and perpetuate a Euro-centric perspective. This textbook pioneers a new approach by historicizing the material traditionally taught in International Relations courses, and by explicitly focusing on non-European cases, debates and issues. The volume is divided into three parts. The first part focuses on the international systems that traditionally existed in Europe, East Asia, pre-Columbian Central and South America, Africa and Polynesia. The second part discusses the ways in which these international systems were brought into contact with each other through the agency of Mongols in Central Asia, Arabs in the Mediterranean and the Indian Ocean, Indic and Sinic societies in South East Asia, and the Europeans through their travels and colonial expansion. The concluding section concerns contemporary issues: the processes of decolonization, neo-colonialism and globalization - and their consequences on contemporary society. History of International Relations provides a unique textbook for undergraduate and graduate students of international relations, and anybody interested in international relations theory, history, and contemporary politics."--Publisher's website.  aMode of access: World Wide Web. aThis work is licensed under a Creative Commons Attribution 4.0 International license (CC BY 4.0). For more detailed information consult the publisher's website. 0aInternational relationsxHistory.2 aOpen Book Publishers,epublisher.40uhttp://doi.org/10.11647/OBP.0074zConnect to e-book42uhttps://www.openbookpublishers.com/shopimages/products/normal/Ringmar-front-cover.jpgzConnect to cover image c29137d29137 00102lcc4070aDLbDLcOAd2021-02-15l0r2021-02-15uhttp://doi.org/10.11647/OBP.0074w2021-02-15yEBOOK